| 000 | 00508nam a22001577a 4500 | ||
|---|---|---|---|
| 003 | NUST | ||
| 082 | _a200 | ||
| 100 |
_aSiraj, Zahra _997615 |
||
| 245 |
_aDocument Retrieval Using Unsupervised Text Classification With Word Embeddings / _cZahra Siraj |
||
| 264 |
_aIslamabad : _bSEECS, NUST, _c2022. |
||
| 300 | _a80 p. ; | ||
| 650 |
_aMS-Information Technology _926924 |
||
| 700 |
_aSupervisor: Dr. Rabia Irfan _996910 |
||
| 856 | _uhttp://10.250.8.41:8080/xmlui/handle/123456789/30048 | ||
| 942 |
_2ddc _cSC |
||
| 999 |
_c591109 _d591109 |
||